|
|
|
|
| LEADER |
01819nam a2200529 a 4500 |
| 001 |
nkc20051632594 |
| 003 |
CZ PrNK |
| 005 |
20140121071645.0 |
| 007 |
ta |
| 008 |
051213s2005 xr j e f 000 0 cze |
| 015 |
|
|
|a cnb001632594
|
| 020 |
|
|
|a 80-86275-22-1
|q (váz.)
|
| 035 |
|
|
|a (OCoLC)85165276
|
| 040 |
|
|
|a ABA001
|b cze
|
| 041 |
1 |
|
|a cze
|h eng
|
| 043 |
|
|
|a e------
|
| 072 |
|
7 |
|a 94(4)
|x Dějiny Evropy
|2 Konspekt
|9 8
|
| 080 |
|
|
|a 929.731
|2 MRF
|
| 080 |
|
|
|a 929.731-055.2
|2 MRF
|
| 080 |
|
|
|a 272-732.2-051
|2 MRF
|
| 080 |
|
|
|a 177.6
|2 MRF
|
| 080 |
|
|
|a (4)
|2 MRF
|
| 080 |
|
|
|a (0.062)
|2 MRF
|
| 100 |
1 |
|
|a Farquhar, Michael
|7 xx0038850
|4 aut
|
| 245 |
1 |
0 |
|a Láska a moc na královský způsob /
|c Michael Farquhar ; [překlad Dana Šimonová]
|
| 250 |
|
|
|a Vyd. 1.
|
| 260 |
|
|
|a Praha :
|b Faun,
|c 2005
|
| 300 |
|
|
|a 270 s. :
|b geneal. tabulky ;
|c 22 cm
|
| 500 |
|
|
|a Přeloženo z angličtiny
|
| 500 |
|
|
|a Chronologický přehled
|
| 650 |
0 |
7 |
|a panovníci
|7 ph117250
|z Evropa
|2 czenas
|
| 650 |
0 |
7 |
|a panovnice
|7 ph123930
|z Evropa
|2 czenas
|
| 650 |
0 |
7 |
|a papežové
|7 ph123939
|2 czenas
|
| 650 |
0 |
7 |
|a partnerské vztahy
|7 ph115684
|2 czenas
|
| 650 |
0 |
9 |
|a kings and rulers
|z Europe
|2 eczenas
|
| 650 |
0 |
9 |
|a queens and empresses
|z Europe
|2 eczenas
|
| 650 |
0 |
9 |
|a popes
|2 eczenas
|
| 650 |
0 |
9 |
|a partner relationships
|2 eczenas
|
| 655 |
|
7 |
|a populárně-naučné publikace
|7 fd131864
|2 czenas
|
| 655 |
|
9 |
|a popular works
|2 eczenas
|
| 765 |
0 |
|
|t Treasury of royal scandals
|9 Česky
|
| 856 |
4 |
1 |
|u http://www.digitalniknihovna.cz/mzk/uuid/uuid:58a59ab0-e596-11e3-a2c6-005056827e51
|y Digitalizovaný dokument
|x NDK
|
| 910 |
2 |
|
|a BOA001
|b 2-1227.075
|
| 990 |
|
|
|a BK
|
| 995 |
|
|
|a 01
|
| 991 |
|
|
|b 200907
|c NOV
|j 94(4) FAR
|
| 996 |
6 |
|
|b 2610383548
|c 2-1227.075
|l MZK
|r Sklad / do 1 hodiny
|n 0
|p p.v.
|w 001086565
|u 000010
|a 1
|e BOA001
|j MZK50
|s P
|